Mode und Nähen in der Mark Brandenburg. (Titelsatznr. 371048)
[ MARC ]
| 000 -Satzkennung | |
|---|---|
| Kontrollfeld mit fester Länge | 00746nam a2200241 4500 |
| 008 - Feld mit fester Länge zur physischen Beschreibung - Allgemeine Angaben | |
| Kontrollfeld mit fester Länge | 201207b ||||| |||| 00| 0 eng d |
| 040 ## - Katalogisierungsquelle | |
| Katalogisierungssprache | ger |
| Übertragungsstelle | STAFF |
| Beschreibungsfestlegungen | rda |
| Original-Katalogisierungsstelle | STAFF |
| 041 ## - Sprachcode | |
| Sprachcode des Textes/der Tonspur oder des separaten Titels | ger |
| 100 ## - Person oder Familie als 1. geistiger Schöpfer | |
| Personenname | Wuttke, Lothar A. K.: |
| 245 ## - Titel | |
| Haupttitel | Mode und Nähen in der Mark Brandenburg. |
| Verantwortlichkeitsangabe | Lothar A.K. Wuttke |
| 490 ## - Gesamttitelangabe | |
| Haupttitel der Reihe/Unterreihe | Die Mark Brandenburg |
| Zählung | 2021/Sonderheft |
| 653 ## - Lokales Schlagwort | |
| Nicht-normierter Term | Brandenburg |
| 653 ## - Lokales Schlagwort | |
| Nicht-normierter Term | Nähen |
| 653 ## - Lokales Schlagwort | |
| Nicht-normierter Term | Nähmaschine |
| 653 ## - Lokales Schlagwort | |
| Nicht-normierter Term | Mode |
| 653 ## - Lokales Schlagwort | |
| Nicht-normierter Term | Bekleidungsindustrie |
| 653 ## - Lokales Schlagwort | |
| Nicht-normierter Term | Dekoration |
| 773 ## - Übergeordnete Einheit | |
| Ort, Verlag und Erscheinungsjahr | Berlin: Die Mark Brandenburg - Verlag für Regional- und Zeitgeschichte |
| Verknüpfungsangaben | (2021) Sonderheft, S. 34-39: Abb. |
| Titel | Die Mark Brandenburg |
| 942 ## - Zusätzliche Felder (Koha) | |
| Koha-Medientyp | Aufsätze |
| Ausgeschieden | Verloren | Beschädigt | Nicht entleihbar | Permanenter Standort | Aktueller Standort | Aufstellungsort | Eingabedatum | Anzahl Ausleihen | Signatur | Letzte Aktivität | Preis gültig von | Medientyp |
|---|---|---|---|---|---|---|---|---|---|---|---|---|
| Stadtarchiv Frankfurt (Oder) | Archivbibliothek | Stadtarchiv Frankfurt (Oder) | Archivbibliothek | Lesesaal | 27/10/2021 | Bb1 102 | 27/10/2021 | 27/10/2021 | Aufsätze |